Jak Liftago plní roli rychlého kurýra a balíkového přepravce
Start-up Liftago zameraný pôvodne na prepravu osôb vtrhol do oblasti logistiky. V kategórii Top logistické služby obsadilo Liftago 4. miesto. Tento český start-up už niekoľko rokov poskytuje službu agregátora taxi, ktorý spája licencovaných vodičov so zákazníkmi prostredníctvom bezplatnej aplikácie....
Salvato in:
| Autore principale: | |
|---|---|
| Natura: | Capitolo di libro |
| Lingua: | ceco |
| Soggetti: | |
| Tags: |
Nessun Tag, puoi essere il primo ad aggiungerne!!
|
MARC
| LEADER | 00000naa a2200000 4500 | ||
|---|---|---|---|
| 001 | 0270394 | ||
| 005 | 20201202155508.8 | ||
| 041 | 0 | |a cze | |
| 044 | |a CZ | ||
| 245 | 1 | 0 | |a Jak Liftago plní roli rychlého kurýra a balíkového přepravce |c Filip Hubička |
| 520 | |a Start-up Liftago zameraný pôvodne na prepravu osôb vtrhol do oblasti logistiky. V kategórii Top logistické služby obsadilo Liftago 4. miesto. Tento český start-up už niekoľko rokov poskytuje službu agregátora taxi, ktorý spája licencovaných vodičov so zákazníkmi prostredníctvom bezplatnej aplikácie. Na podobnom princípe funguje aj ponuka expresného doručenia zásielok. | ||
| 610 | 2 | 0 | |a obchod zásielkový |
| 610 | 2 | 0 | |a služby donáškové |
| 610 | 2 | 0 | |a logistika |
| 610 | 2 | 0 | |a doprava |
| 610 | 2 | 0 | |a aplikácie mobilné |
| 610 | 2 | 0 | |a start-up |
| 100 | 1 | |a Hubička, Filip | |